Giuliano Amato - Statistics

Statistiche generali
  • Questo quiz è stato fatto 4 volte
  • Il punteggio medio è 7 su 14
Statistiche sulle risposte
Anni Carica ricoperta % Corretto
2013- Giudice della Corte costituzionale
100%
2006-2008 Ministro dell'interno
100%
1987-1989 Ministro del Tesoro
100%
1992-1993 Presidente del consiglio dei ministri
100%
2000-2001 Presidente del consiglio dei ministri
100%
1983-1994 Deputato
50%
2006-2008 Deputato
50%
2001-2006 Senatore
50%
2020- Vicepresidente della Corte costituzionale
50%
1998-1999 Ministro delle riforme istituzionali
0%
1999-2000 Ministro del Tesoro e del bilancio
0%
1994-1997 Presidente dell'Autorità garante della concorrenza e del mercato
0%
1983-1987 Sottosegretario di stato alla presidenza del consiglio dei ministri
0%
1987-1988 Vicepresidente del consiglio dei ministri
0%
Nessun quiz corrispondente trovato
Distribuzione punteggi
Percentuale di utenti per punteggio
Percentile per numero di risposta
I tuoi punteggi nel tempo
Non hai fatto questo quiz